000 00302nam a2200121Ia 4500
005 20251222140058.0
008 251222s1900||||xx |||||||||||||| ||spa||
082 _a171.7/C61
100 _aCipriani Thorne, Juan Luis
245 0 _aLa Urgente Búsqueda del Bien Común
264 _bPaulinas
942 _cLIB
999 _c3824
_d3824